Diseases of ear, nose & throat and head & neck surgery / (Record no. 98817)

MARC details
000 -LEADER
fixed length control field 00703nam a22002057a 4500
005 - DATE AND TIME OF LATEST TRANSACTION
control field 20160226154959.0
008 - FIXED-LENGTH DATA ELEMENTS--GENERAL INFORMATION
fixed length control field 160218b xxu||||| |||| 00| 0 eng d0
020 ## - INTERNATIONAL STANDARD BOOK NUMBER
International Standard Book Number 9788131234310
Terms of availability 1075.00
035 ## - SYSTEM CONTROL NUMBER
System control number B-621600
037 ## - SOURCE OF ACQUISITION
Source of stock number/acquisition Patel Nagar/RP
082 ## - DEWEY DECIMAL CLASSIFICATION NUMBER
Classification number 617.51
100 ## - MAIN ENTRY--PERSONAL NAME
Personal name Dhingra,P.L.
245 ## - TITLE STATEMENT
Title Diseases of ear, nose & throat and head & neck surgery /
Statement of responsibility, etc by P.L. Dhingra [and] Shruti Dhingra
250 ## - EDITION STATEMENT
Edition statement 6th ed
260 ## - PUBLICATION, DISTRIBUTION, ETC. (IMPRINT)
Name of publisher, distributor, etc Elsevier
Date of publication, distribution, etc 2015
Place of publication, distribution, etc New Delhi
300 ## - PHYSICAL DESCRIPTION
Extent xiii,476p. :
Other physical details ill.
700 ## - ADDED ENTRY--PERSONAL NAME
Personal name Dhingra,Shruti
942 ## - ADDED ENTRY ELEMENTS (KOHA)
Source of classification or shelving scheme Dewey Decimal Classification
Item type English Books
Classification part 617.51
Call number suffix DHI
Holdings
Withdrawn status Lost status Source of classification or shelving scheme Damaged status Not for loan Collection code Home library Current library Date acquired Source of acquisition Cost, normal purchase price Total Checkouts Full call number Barcode Date last seen Copy number Cost, replacement price Koha item type
    Dewey Decimal Classification     Non-fiction Patel Nagar Patel Nagar 11/02/2016 Pansy Books/DPL/PN/RP/2015/3.12.15/1572/21.12.15/25.2.16 1075.00   617.51 DHI B-621600 11/02/2016 1 1075.00 English Books

© Delhi Public Library
Hit Counter
free hit counter